000
00484nam a2200181Ia 4500
008
100917s9999 xx 000 0 und d
082
_b
16351
100
_a
शास्त्री कृ. ना.
245
_a
आर्यवसुंधरा
260
_b
---
_c
1805
300
_a
90
365
_b
0.75
520
_a
नाटक
630
_a
आर्यवसुंधरा
650
_a
नाटक
730
_a
आर्यवसुंधरा
942
_c
BOOK
999
_c
621745
_d
621742